A housekeeping és a vendégek speciális igényei, VIP bekészítések szerepe
| Main Author: | |
|---|---|
| Other Authors: | |
| Format: | Project work |
| Kulcsszavak: | Accor Hotels bekészítések housekeeping Mercure Castle Hill vip |
| Online Access: | http://dolgozattar.uni-bge.hu/59724 |
MARC
| LEADER | 00000nnm a2200000 i 4500 | ||
|---|---|---|---|
| 001 | dolg59724 | ||
| 005 | 20260409145458.0 | ||
| 008 | 260409suuuu hu o 000 hun d | ||
| 040 | |a BGE Dolgozattár Repozitórium |b hun | ||
| 041 | |a hu | ||
| 100 | 1 | |a Bengő Boglárka | |
| 245 | 1 | 2 | |a A housekeeping és a vendégek speciális igényei, VIP bekészítések szerepe |c Bengő Boglárka |h [elektronikus dokumentum] |
| 516 | |a Project_work | ||
| 520 | 3 | |a A dolgozatomban a szobai bekészítések szerepét, formáit és ezek jelentőségét valamint a vendégekre gyakorolt hatását szeretném részletesebben bemutatni.Úgy gondolom, hogy egy apró figyelmesség vagy egy VIP bekészítés nagy hatással lehet az élményre és a vendégekben kialakult képre és ebben a Housekeeping részleg nagy szerepet játszik.Célom bemutatni, hogyan hat a bekészítések minősége a vendégélményre, a szálloda megítélésére, illetve a visszatérési hajlandóságot hogyan befolyásolja. Továbbá, kifejtem, hogy milyen trendek és elvárások alakítják napjainkban a szobai bekészítéseket egy szállodában. | |
| 695 | |a Accor Hotels | ||
| 695 | |a bekészítések | ||
| 695 | |a housekeeping | ||
| 695 | |a Mercure Castle Hill | ||
| 695 | |a vip | ||
| 700 | 1 | |a Fábián Tamás Zoltán |e ths | |
| 856 | 4 | 0 | |u http://dolgozattar.uni-bge.hu/59724/1/A%20housekeeping%20%C3%A9s%20a%20vend%C3%A9gek%20speci%C3%A1lis%20ig%C3%A9nyei%2C%20VIP%20bek%C3%A9sz%C3%ADt%C3%A9sek%20szerepe-Beng%C5%91%20Bogl%C3%A1rka1.pdf |z Dokumentum-elérés |
| 856 | 4 | 0 | |u http://dolgozattar.uni-bge.hu/59724/2/Beng%C5%91%20Bogl%C3%A1rka_FOSZK_F%C3%A1bi%C3%A1n%20Tam%C3%A1s.pdf |z Dokumentum-elérés |